Alle Sieger von F1-Rennen in Monza - Statistiken

Allgemein
  • Dieses Quiz wurde 272 mal gespielt
    186 seit der letzten Aktualisierung
  • Das Durchschnittsergebnis liegt bei 52 aus 72
Antwortstatistiken
Nr. Jahr Konstrukteur Nationalität Fahrer % Korrekt
62 2012 McLaren GBR Lewis Hamilton
100%
64 2014 Mercedes GBR Lewis Hamilton
100%
65 2015 Mercedes GBR Lewis Hamilton
100%
67 2017 Mercedes GBR Lewis Hamilton
100%
68 2018 Mercedes GBR Lewis Hamilton
100%
58 2008 Toro Rosso GER Sebastian Vettel
100%
61 2011 Red Bull GER Sebastian Vettel
100%
63 2013 Red Bull GER Sebastian Vettel
100%
72 2022 Red Bull NED Max Verstappen
99%
46 1996 Ferrari GER Michael Schumacher
98%
48 1998 Ferrari GER Michael Schumacher
98%
50 2000 Ferrari GER Michael Schumacher
98%
53 2003 Ferrari GER Michael Schumacher
98%
56 2006 Ferrari GER Michael Schumacher
98%
69 2019 Ferrari MCO Charles Leclerc
97%
66 2016 Mercedes GER Nico Rosberg
96%
40 1990 McLaren BRA Ayrton Senna
95%
42 1992 McLaren BRA Ayrton Senna
95%
71 2021 McLaren AUS Daniel Ricciardo
94%
57 2007 McLaren ESP Fernando Alonso
94%
60 2010 Ferrari ESP Fernando Alonso
94%
70 2020 AlphaTauri FRA Pierre Gasly
89%
31 1981 Renault FRA Alain Prost
88%
35 1985 McLaren FRA Alain Prost
88%
39 1989 McLaren FRA Alain Prost
88%
29 1978 Brabham AUT Niki Lauda
86%
34 1984 McLaren AUT Niki Lauda
86%
43 1993 Williams GBR Damon Hill
85%
44 1994 Williams GBR Damon Hill
85%
13 1962 B.R.M. GBR Graham Hill
85%
11 1960 Ferrari USA Phil Hill
85%
12 1961 Ferrari USA Phil Hill
85%
52 2002 Ferrari BRA Rubens Barrichello
82%
54 2004 Ferrari BRA Rubens Barrichello
82%
59 2009 Brawn BRA Rubens Barrichello
82%
4 1953 Maserati ARG Juan Manuel Fangio
81%
5 1954 Mercedes ARG Juan Manuel Fangio
81%
6 1955 Mercedes ARG Juan Manuel Fangio
81%
51 2001 Williams COL Juan Pablo Montoya
74%
55 2005 McLaren COL Juan Pablo Montoya
74%
33 1983 Brabham BRA Nelson Piquet
73%
36 1986 Williams BRA Nelson Piquet
73%
37 1987 Williams BRA Nelson Piquet
73%
41 1991 Williams GBR Nigel Mansell
72%
2 1951 Ferrari ITA Alberto Ascari
71%
3 1952 Ferrari ITA Alberto Ascari
71%
1 1950 Alfa Romeo ITA Giuseppe Farina
70%
16 1965 B.R.M. GBR Jackie Stewart
67%
20 1969 Matra GBR Jackie Stewart
67%
47 1997 McLaren GBR David Coulthard
65%
23 1972 Lotus BRA Emerson Fittipaldi
63%
49 1999 Jordan GER Heinz-Harald Frentzen
63%
14 1963 Lotus GBR Jim Clark
61%
38 1988 Ferrari AUT Gerhard Berger
60%
30 1979 Ferrari RSA Jody Scheckter
59%
28 1977 Lotus USA Mario Andretti
54%
7 1956 Maserati GBR Stirling Moss
46%
8 1957 Vanwall GBR Stirling Moss
46%
10 1959 Cooper GBR Stirling Moss
46%
19 1968 McLaren NZL Denis Hulme
44%
24 1973 Lotus SWE Ronnie Peterson
39%
25 1974 Lotus SWE Ronnie Peterson
39%
27 1976 March SWE Ronnie Peterson
39%
15 1964 Ferrari GBR John Surtees
38%
18 1967 Honda GBR John Surtees
38%
21 1970 Ferrari SUI Clay Regazzoni
37%
26 1975 Ferrari SUI Clay Regazzoni
37%
45 1995 Benetton GBR Johnny Herbert
33%
32 1982 Renault FRA René Arnoux
31%
9 1958 Vanwall GBR Tony Brooks
11%
22 1971 B.R.M. GBR Peter Gethin
8%
17 1966 Ferrari ITA Ludovico Scarfiotti
7%
Keine übereinstimmenden Quizze gefunden
Verteilung der Resultate
Anzahl Personen mit jedem Resultat
Perzentil nach korrekt beantworteten Fragen
Ihre Resultats-Entwicklung
Sie haben dieses Quiz seit der letzten Aktualisierung nicht gespielt